| 000 | 01048cam a2200229 4500 | ||
|---|---|---|---|
| 001 | ABS63248 | ||
| 008 | 000000n2000 000 0 eng u | ||
| 035 | _a(Sirsi) u109984 | ||
| 100 | _aLord, A | ||
| 245 | _aSensible and co-operative solutions under the Party Wall etc. Act 1996 | ||
| 260 | _c2000 | ||
| 490 |
_aStructural Survey _v18(5) December 2000, 259-261(3) |
||
| 520 | _aThis paper notes the challenges faced by surveyors outside London by the demands of implementing the new party wall legislation. It pays tribute to John Anstey's guidance in this area and emphasises the importance of adopting a practical and common-sense approach to the legislation. It cites a recent example where this approach was found to be successful and notes the continuing development of party wall expertise nationwide. Journal abstract. | ||
| 590 | _aABS | ||
| 650 |
_aParty walls _96258 |
||
| 650 | _aPARTY WALL ETC ACT 1996 | ||
| 650 | _aNOTICE | ||
| 650 | _aAWARDS | ||
| 650 | _aSURVEYORS | ||
| 690 |
_aBoundary disputes _96221 |
||
| 942 | _n0 | ||
| 999 |
_c65598 _d65598 |
||